Missing Word: Jazz Songs 'A' Quiz Stats

Quiz Updated Feb 10, 2018

Challenge
Share
Tweet
Embed
Score 0/12 Timer 03:00
1 Play Today
Song Missing Word % Correct
____ Time Goes ByAs
96.4%
____ Through The NightAll
95.8%
____ Misbehavin'Ain't
92.8%
Slumming On Park ____Avenue
85.6%
____ LeavesAutumn
84.5%
____ GoesAnything
83.4%
_____ LastAt
82.1%
____ EyesAngel
40%
____ I Say I'm SorryAfter
29.6%
You Took ____ Of MeAdvantage
22.5%
I'll Remember ____April
19.2%
____ TogetherAlone
18.6%

Today's Daily Dose

Word Ladder
Summertime

On This Day
June 23rd II

You're not logged in!

Compare scores with friends on all Sporcle quizzes.
Join for Free
OR
Log In

You Might Also Like...

Show Comments

Extras

Top Quizzes Today


Score Distribution

Your Account Isn't Verified!

In order to create a playlist on Sporcle, you need to verify the email address you used during registration. Go to your Sporcle Settings to finish the process.

Report this User

Report this user for behavior that violates our Community Guidelines.

Details: